000
00286nam a2200121Ia 4500
005
20251222144748.0
008
251222s9999||||xx |||||||||||||| ||spa||
082
_a
299.31/G17
100
_a
Games, Gil
245
0
_a
Oraciones del Antiguo Oriente
264
_b
Verbo Divino
942
_c
LIB
999
_c
19221
_d
19221